[Event "Xtracon Chess Open 2017"]
[Site "Helsingor DEN"]
[Date "2017.07.23"]
[Round "3.102"]
[White "Holinka, Henning"]
[Black "Calderon, Paul"]
[Result "1-0"]
[WhiteElo "2087"]
[BlackElo "1814"]
[WhiteFideId "12967084"]
[BlackFideId "2082160"]
[EventDate "2017.07.22"]

1. e4 c5 2. Nf3 Nc6 3. d4 cxd4 4. Nxd4 e5 5. Nb5 d6 6. N1c3 a6 7. Na3 Be7 8. Nc4
b5 9. Ne3 Nf6 10. Bd3 O-O 11. O-O Be6 12. a4 b4 13. Ncd5 a5 14. c3 Rb8 15. Bb5
Na7 16. Qd3 Nxb5 17. axb5 Nxd5 18. Nxd5 Bxd5 19. Qxd5 Rc8 20. c4 h6 21. b3 Qc7
22. Rd1 Rfd8 23. Bd2 Bg5 24. Be1 Qb6 25. g3 h5 26. h4 Bh6 27. Bd2 Bxd2 28. Rxd2
Kf8 29. Ra4 Rc7 30. Rda2 Ra7 31. Qd1 g6 32. Rd2 Ke7 33. Rd5 Raa8 34. Qd2 Rg8 35.
Ra1 Rad8 36. Rd1 f6 37. c5 Qb7 38. Rxd6 Rxd6 39. Qxd6+ Kf7 40. c6 Qe7 41. b6
Qxd6 42. Rxd6 Ke7 43. Rd7+ Ke6 44. Rd2 f5 45. c7 fxe4 46. Rd8 1-0

[Event "Xtracon Chess Open 2017"]
[Site "Helsingor DEN"]
[Date "2017.07.23"]
[Round "3.103"]
[White "Kyrkjebo, Marte B."]
[Black "Petersson, Baldur Teodor"]
[Result "0-1"]
[WhiteElo "1833"]
[BlackElo "2086"]
[WhiteFideId "1511602"]
[BlackFideId "2309157"]
[EventDate "2017.07.22"]

1. e4 c5 2. Nf3 e6 3. d3 d5 4. Qe2 Be7 5. g3 Nf6 6. Bg2 O-O 7. O-O Nc6 8. e5 Nd7
9. c4 Qc7 10. Bf4 dxc4 11. dxc4 b6 12. Nc3 a6 13. Rfd1 Bb7 14. Rd2 Rfd8 15. Rad1
Nf8 16. g4 Ng6 17. Bg3 Rxd2 18. Rxd2 Rd8 19. Rxd8+ Qxd8 20. Ne4 Nd4 21. Nxd4
Qxd4 22. Nd6 Bxg2 23. Kxg2 Bxd6 24. exd6 e5 25. h4 f6 26. h5 Nf8 27. g5 Qxd6 28.
gxf6 gxf6 29. Qg4+ Kf7 30. Qe4 Qd7 31. Bh4 Qd4 32. Qb7+ Nd7 33. Bg3 Ke7 34. b3
Qg4 35. Qxa6 f5 36. f3 Qxh5 37. Qa8 e4 38. fxe4 Qe2+ 39. Kh3 Qg4+ 40. Kh2 f4 41.
Bf2 f3 42. Bg3 Qh5+ 43. Kg1 Qh3 44. Bd6+ Kxd6 45. Qd5+ Kc7 46. Qg5 Qg2+ 47. Qxg2
fxg2 0-1

[Event "Xtracon Chess Open 2017"]
[Site "Helsingor DEN"]
[Date "2017.07.23"]
[Round "3.104"]
[White "Mejvik, Jacob"]
[Black "Sebastian, Andreas"]
[Result "0-1"]
[WhiteElo "2085"]
[BlackElo "1800"]
[WhiteFideId "1710621"]
[BlackFideId "1529498"]
[EventDate "2017.07.22"]

1. d4 Nf6 2. Bg5 c5 3. d5 Ne4 4. h4 Nxg5 5. hxg5 g6 6. Nd2 Bg7 7. c3 d6 8. e4 e6
9. Ngf3 O-O 10. Bc4 Re8 11. O-O a6 12. a4 exd5 13. Bxd5 Nc6 14. Qb3 Be6 15. Bxe6
fxe6 16. Rfd1 Na5 17. Qa2 b5 18. Nb3 Nxb3 19. Qxb3 Rb8 20. Qc2 Qb6 21. axb5 axb5
22. Rd2 Red8 23. Rad1 b4 24. cxb4 cxb4 25. Qb3 Kf7 26. Nd4 Bxd4 27. Rxd4 Qc5 28.
Qf3+ Ke8 29. Qg4 Ke7 30. Qh4 Kf8 31. Qf4+ Ke8 32. Rxd6 Rxd6 33. Rxd6 Ke7 34. Qd2
Qxd6 35. Qe3 Rd8 36. Qh3 Qd1+ 37. Kh2 Qh5 0-1

[Event "Xtracon Chess Open 2017"]
[Site "Helsingor DEN"]
[Date "2017.07.23"]
[Round "3.105"]
[White "Dishman, Matthew"]
[Black "Jacobsen, Fredrik Beer"]
[Result "0-1"]
[WhiteElo "1824"]
[BlackElo "2081"]
[WhiteFideId "438642"]
[BlackFideId "1507044"]
[EventDate "2017.07.22"]

1. e4 c5 2. Nf3 d6 3. Bb5+ Bd7 4. Bxd7+ Qxd7 5. O-O Nc6 6. c3 Nf6 7. Re1 g6 8.
d4 cxd4 9. cxd4 Bg7 10. Nc3 O-O 11. h3 Rfd8 12. Qe2 a6 13. e5 Ne8 14. e6 Qxe6
15. Qxe6 fxe6 16. Rxe6 Nc7 17. Re4 d5 18. Rg4 Ne6 19. Be3 b5 20. Rd1 Rac8 21.
Ng5 Nxg5 22. Bxg5 Rd7 23. Ne2 Na5 24. Rc1 Rxc1+ 25. Nxc1 Rc7 26. Nd3 e6 27. Bd8
Rc4 28. Bxa5 Ra4 29. Bc3 Rxa2 30. Nc5 a5 31. Nxe6 b4 32. Be1 Rxb2 33. Nc5 Bh6
34. Nd3 Rb1 35. Kh2 Rd1 36. Bxb4 Rxd3 37. Bxa5 Bg7 38. Bb6 Kf7 39. Rf4+ Ke6 40.
Bc5 h5 41. Kg1 g5 42. Rf3 Rd1+ 43. Kh2 Bxd4 44. Bxd4 Rxd4 45. g3 Rd1 46. Re3+
Kf5 47. Kg2 d4 48. Re8 g4 49. Rf8+ Ke5 50. hxg4 hxg4 51. Rg8 d3 52. f4+ Ke4 53.
Re8+ Kd4 54. Kf2 Rd2+ 55. Kg1 Rc2 56. Kf1 Rc1+ 57. Kf2 d2 58. Rd8+ Kc3 59. Rc8+
Kb4 60. Rd8 d1=Q 61. Rxd1 Rxd1 62. Ke3 Re1+ 63. Kf2 Re4 0-1

[Event "Xtracon Chess Open 2017"]
[Site "Helsingor DEN"]
[Date "2017.07.23"]
[Round "3.106"]
[White "Amin, Idris"]
[Black "Winfridsson, Hakan"]
[Result "0-1"]
[WhiteElo "1819"]
[BlackElo "2081"]
[WhiteFideId "1746022"]
[BlackFideId "1706292"]
[EventDate "2017.07.22"]

1. e4 c5 2. Nf3 Nc6 3. Nc3 d6 4. d4 cxd4 5. Nxd4 e5 6. Nb3 Nf6 7. Bg5 Be7 8. Bc4
a6 9. Bxf6 Bxf6 10. Qh5 O-O 11. Nd5 Be6 12. c3 Bg5 13. h4 Bh6 14. g4 Bf4 15. g5
b5 16. Bd3 Rb8 17. Rg1 Bxd5 18. exd5 g6 19. Qf3 Na5 20. Qe4 Rc8 21. Nxa5 Qxa5
22. h5 Qd8 23. Qg2 Re8 24. hxg6 fxg6 25. a3 Qe7 26. Be4 a5 27. Qf1 Rf8 28. Qd3
Rc4 29. b3 Rc5 30. Ra2 Rfc8 31. Rc2 Qc7 32. Kf1 Rxc3 33. Rxc3 Qxc3 34. Qxb5 Bxg5
35. Qd7 Rd8 36. Qe6+ Kg7 37. Rg3 Qc1+ 38. Kg2 Qf4 39. Rg4 Qf6 40. Qxf6+ Kxf6 41.
Bd3 Bf4 42. Rh4 h5 43. Rh1 Rc8 44. Bc4 Kf5 45. a4 e4 46. Rh3 Rh8 47. Bb5 Ke5 48.
Bc6 g5 49. Rh1 Bd2 50. Rd1 Bb4 51. Rh1 h4 52. Rd1 Rf8 53. Bb5 Rf3 54. Bc4 Bc5
55. Rf1 h3+ 56. Kg1 Kf4 57. Kh2 g4 58. Kh1 Bxf2 59. Be2 g3 60. Bxf3 exf3 61. Rc1
Bd4 62. b4 f2 63. b5 g2+ 0-1

[Event "Xtracon Chess Open 2017"]
[Site "Helsingor DEN"]
[Date "2017.07.23"]
[Round "3.107"]
[White "Verhasselt, Karsten"]
[Black "Nettelbeck, Jann"]
[Result "1-0"]
[WhiteElo "2079"]
[BlackElo "1790"]
[WhiteFideId "228893"]
[BlackFideId "12975672"]
[EventDate "2017.07.22"]

1. e4 c5 2. Nf3 Nf6 3. Nc3 d5 4. exd5 Nxd5 5. Bc4 Nb6 6. Bb5+ Nc6 7. O-O e6 8.
Bxc6+ bxc6 9. d3 Be7 10. Qe2 O-O 11. Rb1 Nd5 12. Na4 Nb6 13. Nc3 Nd5 14. Bd2 Rb8
15. b3 Bd6 16. Ne4 Nf4 17. Qe3 Nd5 18. Qe1 Nb4 19. Rb2 Qc7 20. Nxd6 Qxd6 21. Qe5
Qxe5 22. Nxe5 Rb6 23. Nc4 Rb8 24. Bf4 Rb7 25. Bd6 Rd8 26. Bxc5 Rd5 27. Bxb4 Rxb4
28. a3 Rb8 29. Ne3 Rd4 30. b4 Ba6 31. Rfb1 Bb5 32. Nf1 e5 33. Nd2 f5 34. Nf3 Rd6
35. Nxe5 Re8 36. f4 g5 37. g3 gxf4 38. gxf4 Re7 39. Kf2 Rh6 40. Rg1+ Kf8 41. Rg2
Rh4 42. Ke3 Rh3+ 43. Kd4 Rh4 44. Rf2 Re6 45. c4 Ba4 46. Rbe2 Rd6+ 47. Kc5 Rd8
48. Re3 Rh6 49. d4 Rhd6 50. Rd2 a6 51. Nf3 Rh6 52. Re5 a5 53. Rxf5+ Ke7 54. Ng5 1-0

[Event "Xtracon Chess Open 2017"]
[Site "Helsingor DEN"]
[Date "2017.07.23"]
[Round "3.108"]
[White "Kvaloy, Aksel Bu"]
[Black "Stray, Gunnar"]
[Result "0-1"]
[WhiteElo "1818"]
[BlackElo "2078"]
[WhiteFideId "1528815"]
[BlackFideId "1501631"]
[EventDate "2017.07.22"]

1. d4 d5 2. Nc3 Nf6 3. Bg5 c6 4. f3 Qa5 5. Qd2 e6 6. Bxf6 gxf6 7. e4 Bb4 8. Nge2
dxe4 9. fxe4 Qg5 10. O-O-O Qxd2+ 11. Rxd2 e5 12. a3 Ba5 13. b4 exd4 14. Nxd4 Bc7
15. g3 Nd7 16. Bc4 Nb6 17. Ba2 Be5 18. Nce2 Bg4 19. Nf4 a5 20. b5 O-O-O 21. c3
c5 22. Nb3 Rxd2 23. Kxd2 Nc4+ 24. Kd3 Nxa3 25. Nxc5 b6 26. Na4 Rd8+ 27. Nd5 Nxb5
28. Nxb6+ Kb7 29. Rb1 Nxc3 30. Nc4+ Nxb1 31. Bxb1 Rxd5+ 32. exd5 Bf5+ 33. Ke3
Bxb1 34. Nxa5+ Kb6 35. Nc4+ Kc5 36. Nd2 Ba2 37. Kf3 Bxd5+ 38. Kg4 Kd4 39. Nf1
Kd3 40. h3 Ke2 41. Nh2 Kf2 42. Kh5 Kxg3 0-1

[Event "Xtracon Chess Open 2017"]
[Site "Helsingor DEN"]
[Date "2017.07.23"]
[Round "3.109"]
[White "Vesterli, Michael E."]
[Black "Frederiksen Kristian, Pade"]
[Result "1-0"]
[WhiteElo "2073"]
[BlackElo "1783"]
[WhiteFideId "1417339"]
[BlackFideId "1435205"]
[EventDate "2017.07.22"]

1. d4 Nf6 2. c4 g6 3. Nc3 Bg7 4. e4 O-O 5. Nf3 d6 6. Be2 e5 7. O-O Nc6 8. d5 Ne7
9. Ne1 Nd7 10. Be3 f5 11. f3 f4 12. Bf2 g5 13. a4 Nf6 14. a5 h5 15. h3 Kh7 16.
c5 Neg8 17. cxd6 cxd6 18. Nb5 Nh6 19. Bxa7 Rxa7 20. Nxa7 Bd7 21. Bb5 g4 22. Bxd7
Qxd7 23. Qa4 Qf7 24. Kf2 Nf5 25. exf5 Qxd5 26. Qb4 e4 27. Kg1 exf3 28. gxf3 gxh3
29. Kh2 Ng4+ 30. fxg4 hxg4 31. Nf3 gxf3 32. Rad1 Qxf5 33. Rxf3 Re8 34. Qc4 Re3
35. Rxe3 fxe3 36. Qd3 Be5+ 37. Kh1 Qxd3 38. Rxd3 e2 39. Re3 Bd4 40. Rxe2 Bxa7
41. Re7+ 1-0

[Event "Xtracon Chess Open 2017"]
[Site "Helsingor DEN"]
[Date "2017.07.23"]
[Round "3.110"]
[White "Haugaard, Thomas"]
[Black "Andersson, Kaj"]
[Result "0-1"]
[WhiteElo "1797"]
[BlackElo "2063"]
[WhiteFideId "1414330"]
[BlackFideId "1709860"]
[EventDate "2017.07.22"]

1. d4 d5 2. c4 c6 3. Nf3 Nf6 4. Nc3 dxc4 5. a4 Bf5 6. Ne5 Nbd7 7. Nxc4 e6 8. Bf4
Nb6 9. e3 Bb4 10. Qb3 Nbd5 11. O-O-O O-O 12. Bg5 Bxc3 13. bxc3 b5 14. axb5 cxb5
15. Bxf6 Qxf6 16. Nd6 a6 17. e4 Bg6 18. exd5 Qf4+ 19. Rd2 Qxd6 20. dxe6 fxe6 21.
g3 Be4 22. Rg1 Bd5 23. Qb4 Qc6 24. Bd3 Rfb8 25. Re1 Qd7 26. Be4 a5 27. Bxd5 axb4
28. Bxe6+ Qxe6 29. Rxe6 bxc3 30. Rde2 b4 31. Kc2 Kf8 32. d5 Ra2+ 33. Kb3 Ra3+
34. Kc4 b3 35. Kxc3 b2+ 0-1

[Event "Xtracon Chess Open 2017"]
[Site "Helsingor DEN"]
[Date "2017.07.23"]
[Round "3.111"]
[White "Jensen, Morten Frank"]
[Black "Nordin, Eric"]
[Result "1/2-1/2"]
[WhiteElo "2063"]
[BlackElo "1781"]
[WhiteFideId "1407325"]
[BlackFideId "1711822"]
[EventDate "2017.07.22"]

1. e4 d6 2. f4 g6 3. Nf3 Bg7 4. c3 c5 5. Na3 Nc6 6. d3 Nf6 7. Be2 O-O 8. O-O a6
9. Qe1 Bg4 10. h3 Bxf3 11. Bxf3 e6 12. g4 d5 13. e5 Nd7 14. Nc2 Qb6 15. Kh1 g5
16. b4 gxf4 17. bxc5 Nxc5 18. Ba3 Nxd3 19. Qd2 Ncxe5 20. Bxf8 Rxf8 21. Be2 Nf2+
22. Kg2 f3+ 23. Bxf3 Nxf3 24. Qxf2 1/2-1/2

[Event "Xtracon Chess Open 2017"]
[Site "Helsingor DEN"]
[Date "2017.07.23"]
[Round "3.112"]
[White "Hansen, Tommy"]
[Black "Nielsen, Jorgen Lovgren"]
[Result "1/2-1/2"]
[WhiteElo "1785"]
[BlackElo "2063"]
[WhiteFideId "1511009"]
[BlackFideId "1403850"]
[EventDate "2017.07.22"]

1. e4 e5 2. Nf3 Nc6 3. d4 exd4 4. Bc4 Nf6 5. e5 d5 6. Bb5 Ne4 7. Nxd4 Bd7 8.
Bxc6 bxc6 9. O-O Bc5 10. f3 Ng5 11. f4 Ne4 12. Be3 Bb6 13. Nd2 Nxd2 14. Qxd2 c5
15. Nf3 d4 16. Bf2 Bc6 17. a4 a5 18. Qd3 Qd7 19. b3 Qg4 20. Bg3 O-O-O 21. Nd2 f5
22. Rae1 Kb7 23. Re2 Rhe8 24. Nc4 Re6 25. h3 Qh5 26. Be1 Ra8 27. Kh2 Qg6 28. g4
Be4 29. Qg3 Qf7 30. Rxe4 fxe4 31. Qg2 Qd7 32. Qxe4+ Qc6 33. Qxh7 Rh6 34. Qd3
Rah8 35. Rf3 Qd5 36. Bxa5 Rh4 37. Rg3 Ka7 38. Bd2 c6 39. Nxb6 Kxb6 40. a5+ Ka7
41. Qe2 Re8 42. Rg1 Reh8 43. Rg3 Re8 44. Rg1 Reh8 1/2-1/2

[Event "Xtracon Chess Open 2017"]
[Site "Helsingor DEN"]
[Date "2017.07.23"]
[Round "3.113"]
[White "Salerno, Christian"]
[Black "Ski, Jonathan K."]
[Result "1/2-1/2"]
[WhiteElo "2056"]
[BlackElo "1771"]
[WhiteFideId "1310810"]
[BlackFideId "1521667"]
[EventDate "2017.07.22"]

1. e4 e5 2. Nf3 Nf6 3. Nc3 Nc6 4. Bc4 Be7 5. d3 O-O 6. O-O d6 7. Be3 Bg4 8. h3
Bh5 9. g4 Bg6 10. a3 Kh8 11. Kg2 Nd7 12. h4 f6 13. h5 Bf7 14. Nh4 Bxc4 15. dxc4
f5 16. Nxf5 Bg5 17. Nd5 Bxe3 18. Ndxe3 Qg5 19. Nd5 Nf6 20. Nxf6 Rxf6 21. f3 Nd8
22. Qc1 Qxc1 23. Raxc1 Ne6 24. Rcd1 Raf8 25. Rd2 Kg8 26. Ne7+ Kh8 27. Nd5 R6f7
28. c3 b6 29. Kg3 Ng5 30. Rdf2 Ne6 31. b4 a6 32. a4 Ng5 33. Ne3 g6 34. h6 Ne6
35. Nd5 Kg8 36. Kh4 Kh8 37. g5 c6 38. Nf6 Nxg5 39. Kxg5 Rxf6 40. f4 R8f7 41. f5
Kg8 42. Rd1 Kf8 43. c5 gxf5 44. Rxd6 Rxd6 45. cxd6 f4 46. c4 Ke8 47. c5 bxc5 48.
bxc5 Kd7 49. Kg4 Ke6 50. Kf3 Rb7 51. Rd2 Kd7 52. Kg4 Ke6 53. Kf3 Rb3+ 54. Kg4
Rb7 55. Kf3 Rb3+ 56. Kg4 Rb7 57. Kf3 1/2-1/2

[Event "Xtracon Chess Open 2017"]
[Site "Helsingor DEN"]
[Date "2017.07.23"]
[Round "3.114"]
[White "Ingebretsen, Jens E"]
[Black "Norevall, Ulf"]
[Result "1-0"]
[WhiteElo "2053"]
[BlackElo "1769"]
[WhiteFideId "1522965"]
[BlackFideId "1705555"]
[EventDate "2017.07.22"]

1. e4 c5 2. Nf3 Nc6 3. Bb5 g6 4. Bxc6 bxc6 5. O-O Bg7 6. d3 d6 7. Nc3 e5 8. Be3
Ne7 9. a3 a5 10. Qd2 O-O 11. Rfb1 f5 12. Bh6 f4 13. Bxg7 Kxg7 14. Nd1 h6 15. b4
axb4 16. axb4 Rxa1 17. Rxa1 cxb4 18. d4 Bg4 19. dxe5 dxe5 20. Qxb4 Bxf3 21. gxf3
Rf7 22. Qc5 Qd4 23. Qxd4 exd4 24. Ra4 c5 25. Rc4 Rf8 26. Nb2 g5 27. Rxc5 Ng6 28.
Kf1 Rb8 29. Nd3 Rb1+ 30. Ke2 Rh1 31. Rd5 Rxh2 32. Rxd4 Kf7 33. c4 h5 34. c5 g4
35. fxg4 hxg4 36. c6 g3 37. c7 Ne7 38. Rd7 Rh8 39. Nxf4 gxf2 40. Nd5 f1=Q+ 41.
Kxf1 Rh1+ 42. Kg2 Rc1 43. Rxe7+ Kf8 44. Rd7 Ke8 45. Rd8+ 1-0

[Event "Xtracon Chess Open 2017"]
[Site "Helsingor DEN"]
[Date "2017.07.23"]
[Round "3.115"]
[White "Wiberg, Jonas"]
[Black "Schack, Asbjorn Hovgaard"]
[Result "0-1"]
[WhiteElo "1773"]
[BlackElo "2053"]
[WhiteFideId "1720090"]
[BlackFideId "1449575"]
[EventDate "2017.07.22"]

1. b3 Nf6 2. Bb2 g6 3. e3 Bg7 4. d4 O-O 5. c4 c5 6. Nf3 d6 7. Bd3 Nc6 8. a3 cxd4
9. exd4 Bg4 10. Nbd2 e5 11. d5 Ne7 12. Qc2 Nd7 13. h3 Bxf3 14. Nxf3 Nc5 15. Be2
h6 16. O-O f5 17. Nd2 g5 18. Rab1 Ng6 19. b4 Nd7 20. Bd3 e4 21. Bxg7 Kxg7 22.
Qc3+ Nde5 23. Bc2 Nf4 24. Rfe1 Qf6 25. Qe3 Rfc8 26. Bb3 Ned3 27. Rf1 h5 28. Bc2
Nxd5 29. cxd5 Rxc2 30. Nxe4 fxe4 31. Qxe4 Rc3 32. Rbd1 Qe5 0-1

[Event "Xtracon Chess Open 2017"]
[Site "Helsingor DEN"]
[Date "2017.07.23"]
[Round "3.116"]
[White "Jepsen, Thomas Tange"]
[Black "Skovgaard, Emil"]
[Result "1-0"]
[WhiteElo "2052"]
[BlackElo "1764"]
[WhiteFideId "1405357"]
[BlackFideId "1450972"]
[EventDate "2017.07.22"]

1. d4 d5 2. c4 e6 3. Nc3 Nf6 4. Bg5 Be7 5. e3 Nbd7 6. Nf3 O-O 7. Qc2 b6 8. Be2
Bb7 9. cxd5 exd5 10. O-O h6 11. Bh4 Rc8 12. Rfd1 c6 13. Rac1 Re8 14. Qf5 Bd6 15.
Bd3 g6 16. Qh3 Kg7 17. e4 Bf4 18. e5 Bxc1 19. exf6+ Nxf6 20. Rxc1 Rc7 21. Bg3
Rce7 22. Be5 Re6 23. Ne2 Bc8 24. Qg3 g5 25. Nf4 Rxe5 26. Nxe5 Ne4 27. Nh5+ Kg8
28. Qf3 Qc7 29. Bxe4 dxe4 30. Qf6 Kf8 31. Ng6+ 1-0

[Event "Xtracon Chess Open 2017"]
[Site "Helsingor DEN"]
[Date "2017.07.23"]
[Round "3.117"]
[White "Svanholm, Borge Waaktaar"]
[Black "Lund, Gunnar"]
[Result "0-1"]
[WhiteElo "1761"]
[BlackElo "2051"]
[WhiteFideId "1504835"]
[BlackFideId "1520814"]
[EventDate "2017.07.22"]

1. c4 b6 2. Nf3 Bb7 3. d4 e6 4. g3 f5 5. Bg2 Bb4+ 6. Bd2 a5 7. Nc3 Nf6 8. O-O
O-O 9. a3 Bxc3 10. Bxc3 Ne4 11. Qc2 d5 12. Ne5 Nd7 13. Nxd7 Qxd7 14. f3 Nxc3 15.
Qxc3 dxc4 16. e3 b5 17. Rfe1 a4 18. Rad1 Rad8 19. e4 e5 20. dxe5 Qxd1 21. Rxd1
Rxd1+ 22. Kf2 fxe4 23. f4 Rfd8 24. Ke2 R8d2+ 25. Qxd2 Rxd2+ 26. Kxd2 e3+ 27.
Kxe3 Bxg2 28. Kd4 Kf7 0-1

[Event "Xtracon Chess Open 2017"]
[Site "Helsingor DEN"]
[Date "2017.07.23"]
[Round "3.118"]
[White "Saren, Bjorn"]
[Black "Merkesvik, Amalie Isabel"]
[Result "1/2-1/2"]
[WhiteElo "2051"]
[BlackElo "1754"]
[WhiteFideId "1712071"]
[BlackFideId "1514369"]
[EventDate "2017.07.22"]

1. e4 c5 2. Nf3 d6 3. d4 cxd4 4. Nxd4 Nf6 5. Nc3 a6 6. Rg1 e6 7. g4 b5 8. g5
Nfd7 9. a3 Bb7 10. Be3 Nc6 11. Qd2 Rc8 12. O-O-O Qc7 13. f4 b4 14. axb4 Nxb4 15.
Kb1 Nc5 16. Bg2 Qa5 17. Nb3 Nxb3 18. cxb3 Bc6 19. Qf2 Bb5 20. Bf1 Bc6 21. Rd4 d5
22. exd5 Bxd5 23. Bc4 Bxc4 24. Rxc4 Rxc4 25. bxc4 Qf5+ 26. Ka1 Qa5+ 1/2-1/2

[Event "Xtracon Chess Open 2017"]
[Site "Helsingor DEN"]
[Date "2017.07.23"]
[Round "3.119"]
[White "Nielsen, Jorgen Kamp"]
[Black "Skjoldager, Mikael"]
[Result "0-1"]
[WhiteElo "1751"]
[BlackElo "2050"]
[WhiteFideId "1413279"]
[BlackFideId "1434314"]
[EventDate "2017.07.22"]

1. e4 e5 2. Nf3 Nc6 3. Bc4 Bc5 4. d4 exd4 5. c3 Nf6 6. cxd4 Bb4+ 7. Bd2 Bxd2+ 8.
Nbxd2 d5 9. exd5 Nxd5 10. O-O O-O 11. h3 Bf5 12. Bb3 Nce7 13. Ne5 Ng6 14. Qh5
Be6 15. g3 Nf6 16. Qg5 Qxd4 17. Ndf3 Qb6 18. Nxg6 hxg6 19. Bc2 Bxh3 20. Rfe1 Qc6
21. Qh4 Qxc2 22. Qxh3 Qxb2 23. Kg2 Rfe8 24. Rh1 Nh5 25. Raf1 Qe2 26. Re1 Qxa2
27. Ra1 Qe6 28. Qh2 Qg4 29. Rhe1 Nf4+ 0-1

[Event "Xtracon Chess Open 2017"]
[Site "Helsingor DEN"]
[Date "2017.07.23"]
[Round "3.120"]
[White "Roder, Peter Ulrik"]
[Black "Christophersen, David"]
[Result "1/2-1/2"]
[WhiteElo "2048"]
[BlackElo "1741"]
[WhiteFideId "1402471"]
[BlackFideId "1413619"]
[EventDate "2017.07.22"]

1. e4 c5 2. Nf3 g6 3. d3 Bg7 4. g3 Nc6 5. Bg2 d6 6. O-O Nf6 7. c3 e5 8. Re1 Bg4
9. h3 Be6 10. d4 exd4 11. cxd4 cxd4 12. Nxd4 Nxd4 13. Qxd4 O-O 14. Nc3 Nd5 15.
Qd3 Nxc3 16. bxc3 Qd7 17. Kh2 Rac8 18. Bd2 f5 19. exf5 Rxf5 20. f4 Rh5 21. h4
Rhc5 22. Rab1 b6 23. Rbc1 Bxa2 24. Bh3 Qd8 25. Bxc8 Qxc8 26. Re7 Rd5 27. Qe3 Qf5
28. Rxa7 Bc4 29. Be1 Rd3 30. Qe8+ Bf8 31. Qd7 Qh5 32. Qh3 1/2-1/2

[Event "Xtracon Chess Open 2017"]
[Site "Helsingor DEN"]
[Date "2017.07.23"]
[Round "3.121"]
[White "Dittrich, Hans-Georg"]
[Black "Crevatin, Leo"]
[Result "0-1"]
[WhiteElo "1742"]
[BlackElo "2044"]
[WhiteFideId "12923591"]
[BlackFideId "1726307"]
[EventDate "2017.07.22"]

1. e4 c5 2. Nf3 Nc6 3. d4 cxd4 4. Nxd4 Nf6 5. Nc3 e5 6. Ndb5 d6 7. Bg5 a6 8. Na3
b5 9. Nd5 Be7 10. Bxf6 Bxf6 11. c3 Bg5 12. Nc2 O-O 13. a4 bxa4 14. Rxa4 a5 15.
Bc4 Rb8 16. b3 g6 17. O-O Be6 18. b4 axb4 19. Ncxb4 Nxb4 20. Rxb4 Rc8 21. Qd3
Rc5 22. f4 exf4 23. Nxf4 Bxf4 24. Rxf4 Bxc4 25. Rxc4 Qc7 26. Rxc5 Qxc5+ 27. Qd4
Rc8 28. Qxc5 Rxc5 29. Rf3 Kf8 30. Kf2 Ke7 31. Ke2 Ke6 32. Kd3 Ra5 33. g3 Ra2 34.
h3 h5 35. h4 f6 36. Ke3 Ke5 37. Kd3 Ra1 38. Rf4 Rd1+ 39. Ke2 Rg1 40. Kf2 Rc1 41.
Rf3 Rc2+ 42. Kf1 Ra2 43. Rf4 Ra4 44. Kf2 Rxe4 45. Rf3 d5 46. Kf1 f5 47. Kf2 Kd6
48. Rd3 Kc5 49. Rf3 Kc4 50. Kf1 Re5 51. Kf2 Kb3 52. Kf1 Kc2 53. Kg2 Kd2 54. Kf2
Re2+ 55. Kf1 Re3 0-1

[Event "Xtracon Chess Open 2017"]
[Site "Helsingor DEN"]
[Date "2017.07.23"]
[Round "3.122"]
[White "Bremer, Erik"]
[Black "Nielsen, Peter"]
[Result "0-1"]
[WhiteElo "1488"]
[BlackElo "1694"]
[WhiteFideId "1411578"]
[BlackFideId "1707485"]
[EventDate "2017.07.22"]

1. d4 Nf6 2. c4 e6 3. Nc3 Bb4 4. Qc2 d5 5. e3 O-O 6. a3 Bxc3+ 7. bxc3 b6 8. Bd3
Bb7 9. f3 Re8 10. cxd5 exd5 11. Ne2 Nbd7 12. O-O c5 13. Ng3 cxd4 14. exd4 Qc7
15. Bd2 Nf8 16. Rfe1 Ne6 17. Qc1 Rac8 18. Bf5 Ba6 19. Qb1 Rcd8 20. Qc1 Re7 21.
Bb1 g6 22. Bc2 Rde8 23. Ba4 b5 24. Bb3 Bb7 25. a4 bxa4 26. Bxa4 Bc6 27. Bc2 Bb5
28. Ba4 Bxa4 29. Rxa4 Nd7 30. Ra1 Nb6 31. Be3 Nc4 32. Bf2 Nf4 33. Rxe7 Rxe7 34.
Kf1 Nd3 35. Qc2 Nxf2 36. Qxf2 Qf4 37. Kg1 a5 38. Nf1 Kg7 39. g3 Qb8 40. Qa2 Rb7
41. Re1 Rb3 42. Qa4 Qb5 43. Qa1 a4 44. Rc1 a3 45. Kf2 Rb2+ 46. Ke1 Qb3 47. Rd1
Qxc3+ 48. Nd2 Nxd2 0-1

[Event "Xtracon Chess Open 2017"]
[Site "Helsingor DEN"]
[Date "2017.07.23"]
[Round "3.123"]
[White "Kristiansen, Willy"]
[Black "Verboven, Arnout"]
[Result "1-0"]
[WhiteElo "2041"]
[BlackElo "1739"]
[WhiteFideId "1504525"]
[BlackFideId "236012"]
[EventDate "2017.07.22"]

1. d4 Nf6 2. c4 e6 3. g3 c5 4. d5 d6 5. Nc3 a6 6. a4 exd5 7. cxd5 b6 8. Bg2 Be7
9. Nf3 O-O 10. O-O Re8 11. h3 Bf8 12. Nd2 Bb7 13. e4 Nbd7 14. f4 Qc7 15. Nc4
Rab8 16. Re1 h6 17. e5 Nh7 18. Kh2 Ba8 19. Qd3 b5 20. axb5 axb5 21. Nxb5 Rxb5
22. Nxd6 Bxd6 23. exd6 1-0

[Event "Xtracon Chess Open 2017"]
[Site "Helsingor DEN"]
[Date "2017.07.23"]
[Round "3.124"]
[White "Thaler, Toni"]
[Black "Petersen, Rasmus"]
[Result "1-0"]
[WhiteElo "2041"]
[BlackElo "1737"]
[WhiteFideId "1303864"]
[BlackFideId "1448250"]
[EventDate "2017.07.22"]

1. d4 Nf6 2. c4 e6 3. Nf3 d5 4. Bg5 Be7 5. Nc3 O-O 6. Qc2 c6 7. e3 Nbd7 8. O-O-O
a6 9. Kb1 Re8 10. h4 Qc7 11. Rc1 Bf8 12. e4 dxc4 13. Bxc4 Qb8 14. e5 Nd5 15.
Nxd5 cxd5 16. Bd3 h6 17. Be3 b5 18. Bh7+ Kh8 19. Ng5 g6 20. Nxf7+ Kxh7 21. h5 1-0

[Event "Xtracon Chess Open 2017"]
[Site "Helsingor DEN"]
[Date "2017.07.23"]
[Round "3.125"]
[White "Madison, Sigurd"]
[Black "Brondum, Eric"]
[Result "0-1"]
[BlackTitle "FM"]
[WhiteElo "1736"]
[BlackElo "2040"]
[WhiteFideId "1711806"]
[BlackFideId "1400894"]
[EventDate "2017.07.22"]

1. e4 c5 2. Nf3 d6 3. d4 cxd4 4. Nxd4 Nf6 5. Nc3 g6 6. Be2 Bg7 7. Be3 O-O 8. O-O
Nc6 9. Nb3 Be6 10. f4 Rc8 11. Bf3 a6 12. Rb1 Na5 13. Nxa5 Qxa5 14. Qd2 Rfe8 15.
Bd4 Bc4 16. Rfd1 e5 17. Bf2 Rcd8 18. b3 Be6 19. b4 Qc7 20. Nd5 Nxd5 21. exd5 Bf5
22. Rbc1 e4 23. Be2 Bc3 24. Qe3 Bxb4 25. g4 Bd7 26. Qg3 Bc5 27. Rd4 e3 28. Bxe3
Rxe3 29. Qxe3 Re8 30. Qd3 Bxd4+ 31. Qxd4 Rxe2 32. f5 gxf5 33. Kf1 Re4 34. Qd2
Qc4+ 35. Qd3 Bb5 36. gxf5 Qc3 0-1